Movies Quiz

Random Movies or Actor Quiz

Pick the Will Smith Movie Quiz Stats

 Plays Quiz Updated Aug 25, 2017

Challenge
Share
Tweet
Embed
Score 0/16 Timer 03:00
6 Plays Today
Question Answer Wrong Answers
Which one of these films stars Will Smith? Men in Black
97.9%
The People vs. Larry Flynt
0.2%
Amelie
0.1%
K-Pax
0.3%
Which one of these films stars Will Smith? I Am Legend
97.5%
The Truman Show
0.3%
Rachel Getting Married
0.3%
Ocean's Thirteen
0.4%
Which one of these films stars Will Smith? I, Robot
96.2%
Romeo and Juliet
0.2%
The Royal Tenenbaums
0.6%
Phone Booth
1.5%
Which one of these films stars Will Smith? Hitch
95.4%
Crash
1.7%
The Queen of Versailles
0.3%
The Truth About Charlie
1%
Which one of these films stars Will Smith? Hancock
95.2%
American History X
1.8%
Inception
1.3%
Superman Returns
0.3%
Which one of these films stars Will Smith? Independence Day
95.1%
Sleepers
1.3%
Obvious Child
1.2%
The Matrix
0.9%
Which one of these films stars Will Smith? Bad Boys
93%
Forrest Gump
0.3%
Moonrise Kingdom
2%
Snake Eyes
3.2%
Which one of these films stars Will Smith? The Pursuit of Happyness
92.6%
Jackie Brown
1.6%
Dancer in the Dark
0.6%
Mr. and Mrs. Smith
3.8%
Which one of these films stars Will Smith? Ali
88.8%
Amistad
2%
Ex Machina
2.3%
Osmosis Jones
5.4%
Which one of these films stars Will Smith? Enemy of the State
87.8%
Awakenings
4.9%
Where the Heart Is
4.3%
Talladega Nights: The Ballad of Ricky Bobby
1.3%
Which one of these films stars Will Smith? Seven Pounds
84.8%
Girl, Interrupted
2.2%
You Can Count on Me
10%
Life of Pi
1.5%
Which one of these films stars Will Smith? Suicide Squad
84.4%
The Bone Collector
8.1%
Jiro Dreams of Sushi
4.2%
The Avengers
1.8%
Which one of these films stars Will Smith? The Legend of Bagger Vance
80.3%
Varsity Blues
5.9%
The Way Way Back
11.1%
Jumanji
1.2%
Which one of these films stars Will Smith? Concussion
75.1%
Deep Impact
8.6%
Take Shelter
4.4%
Django Unchained
10.3%
Which one of these films stars Will Smith? Collateral Beauty
70.5%
Basic Instinct
5.1%
The Hours
10.8%
Atlas Shrugged
12.1%
Which one of these films stars Will Smith? Focus
54.6%
Eyes Wide Shut
2.2%
Certified Copy
3.6%
Independence Day: Resurgence
38.3%

You're not logged in!

Compare scores with friends on all Sporcle quizzes.
OR
Log In

You Might Also Like...

Show Comments

Extras

Top Quizzes Today


Score Distribution

Your Account Isn't Verified!

In order to create a playlist on Sporcle, you need to verify the email address you used during registration. Go to your Sporcle Settings to finish the process.

Report this User

Report this user for behavior that violates our Community Guidelines.

Details: